[Event "5. HSK Oster-Open 2019"]
[Site "Hamburg"]
[Date "2019.04.21"]
[Round "5.22"]
[White "Chilton, Alexis"]
[Black "Fuhrmann, Bahne"]
[Result "1-0"]
[WhiteElo "1809"]
[BlackElo "1662"]
[PlyCount "33"]
[EventDate "2019.04.19"]

1. e4 e5 2. Nf3 Nc6 3. Bc4 Bc5 4. d3 Nf6 5. c3 O-O 6. a4 a5 7. O-O d5 8. exd5
Nxd5 9. Bg5 f6 10. Bh4 Kh8 11. Bg3 Nde7 12. Nbd2 g5 13. Ne4 Ba7 14. d4 exd4 15.
cxd4 Nxd4 16. Nfxg5 fxg5 17. Be5+ 1-0

[Event "5. HSK Oster-Open 2019"]
[Site "Hamburg"]
[Date "2019.04.21"]
[Round "5.23"]
[White "Lasschuit, Rene"]
[Black "Grotrian, Pauline"]
[Result "1-0"]
[WhiteElo "1775"]
[BlackElo "1309"]
[PlyCount "31"]
[EventDate "2019.04.19"]

1. Nf3 Nc6 2. d4 d5 3. c4 Nf6 4. Nc3 Bf5 5. cxd5 Nb8 6. Qb3 b6 7. Bf4 Nbd7 8.
Nb5 Rc8 9. Nxa7 Ra8 10. Nb5 Rc8 11. Rc1 c5 12. dxc6 Nb8 13. c7 Qd7 14. Ne5 Qe6
15. cxb8=Q Rxb8 16. Nc7+ 1-0

[Event "5. HSK Oster-Open 2019"]
[Site "Hamburg"]
[Date "2019.04.21"]
[Round "5.25"]
[White "Apitzsch, Leon Fabian"]
[Black "Mi, Gufeng"]
[Result "1-0"]
[WhiteElo "1971"]
[BlackElo "1547"]
[PlyCount "93"]
[EventDate "2019.04.19"]

1. e4 g6 2. d4 Bg7 3. Nc3 d6 4. Bg5 h6 5. Be3 a6 6. a4 Nd7 7. Qd2 Ngf6 8. f3 b6
9. g4 c5 10. h4 cxd4 11. Bxd4 Ne5 12. O-O-O Bb7 13. Qf2 Nfd7 14. Be2 Qc7 15. f4
Nxg4 16. Bxg4 Nf6 17. Be2 Nxe4 18. Nxe4 Bxe4 19. Bf3 Bxd4 20. Rxd4 Bxf3 21.
Nxf3 Qc5 22. Rd2 Qc6 23. Qd4 O-O 24. Rf1 h5 25. b3 Rac8 26. f5 b5 27. a5 b4 28.
Qxb4 Rb8 29. Qc4 Qxc4 30. bxc4 Rb4 31. Rd4 Ra4 32. Re1 Rxa5 33. Rxe7 Rxf5 34.
Ng5 Rc8 35. Kd2 Kf8 36. Rd7 a5 37. R7xd6 Ke7 38. Rd7+ Ke8 39. Ra7 a4 40. Ne4
Rd8 41. Nd6+ Rxd6 42. Rxd6 Rf4 43. c5 Rxh4 44. Kd3 Rb4 45. Rb6 Rxb6 46. cxb6
Kd8 47. Ra8+ 1-0

[Event "5. HSK Oster-Open 2019"]
[Site "Hamburg"]
[Date "2019.04.21"]
[Round "5.26"]
[White "Atri, Jamshid"]
[Black "Grabbel, Torben Frederik"]
[Result "0-1"]
[WhiteElo "1942"]
[BlackElo "1573"]
[PlyCount "30"]
[EventDate "2019.04.19"]

1. e4 e5 2. f4 exf4 3. Nf3 g5 4. h4 g4 5. Ne5 Nf6 6. Bc4 d5 7. exd5 Bd6 8. O-O
O-O 9. d4 Nh5 10. Nc3 Qxh4 11. Ne4 Ng3 12. Nxg3 fxg3 13. Re1 f6 14. Nf3 gxf3
15. Qxf3 Bg4 0-1

[Event "5. HSK Oster-Open 2019"]
[Site "Hamburg"]
[Date "2019.04.21"]
[Round "5.27"]
[White "Roth, Paul Konstantin"]
[Black "Schulz, Hans-Juergen"]
[Result "0-1"]
[WhiteElo "1608"]
[BlackElo "1815"]
[PlyCount "42"]
[EventDate "2019.04.19"]

1. d4 d5 2. c4 e6 3. Nf3 c5 4. e3 Nf6 5. Nc3 Nc6 6. Bd3 cxd4 7. Nxd4 Bd6 8. a3
a5 9. Bd2 Ne5 10. Qe2 O-O 11. Ndb5 Bb8 12. Rd1 b6 13. cxd5 exd5 14. O-O Re8 15.
Bc2 Qe7 16. Bc1 Bb7 17. Ba4 Bc6 18. Qc2 Qd7 19. Qb3 Nf3+ 20. gxf3 Qh3 21. Nd4
Qxh2# 0-1

[Event "5. HSK Oster-Open 2019"]
[Site "Hamburg"]
[Date "2019.04.21"]
[Round "5.30"]
[White "Raedisch, Peter"]
[Black "Echt, Pascal"]
[Result "0-1"]
[WhiteElo "1660"]
[BlackElo "1372"]
[PlyCount "88"]
[EventDate "2019.04.19"]

1. e4 e5 2. Nf3 Nc6 3. Bc4 Bc5 4. d3 Nf6 5. Ng5 O-O 6. c3 h6 7. h4 d6 8. a3 Ng4
9. Qe2 Qe7 10. f3 Nf6 11. Nh3 Nh5 12. Bg5 hxg5 13. g4 Ng3 14. Qg2 Nxh1 15. Qxh1
gxh4 16. g5 Bxh3 17. Qxh3 Qxg5 18. Nd2 Qg3+ 19. Qxg3 hxg3 20. Kf1 g6 21. Kg2
Bf2 22. Nf1 Kg7 23. Nxg3 Bxg3 24. Kxg3 Rh8 25. Rf1 Raf8 26. b4 Ne7 27. a4 f5
28. b5 f4+ 29. Kg2 Rh4 30. Rh1 Rfh8 31. Rxh4 Rxh4 32. a5 b6 33. axb6 axb6 34.
Be6 Rh8 35. d4 Kf6 36. Bg4 Ra8 37. Kh3 g5 38. Bd7 Ra3 39. dxe5+ dxe5 40. Kg4
Rxc3 41. Be8 c6 42. bxc6 Nxc6 43. Bd7 b5 44. Kh3 b4 0-1

[Event "5. HSK Oster-Open 2019"]
[Site "Hamburg"]
[Date "2019.04.21"]
[Round "5.31"]
[White "Meyer, Harald"]
[Black "Eggers, Heiko"]
[Result "1/2-1/2"]
[WhiteElo "1298"]
[BlackElo "1616"]
[PlyCount "80"]
[EventDate "2019.04.19"]

1. e4 g6 2. Nf3 Bg7 3. c3 d6 4. d4 Nf6 5. Bd3 O-O 6. h3 Nbd7 7. Be3 e5 8. Nbd2
Re8 9. Qc2 a5 10. a4 b6 11. h4 Ba6 12. c4 exd4 13. Nxd4 Nc5 14. Bg5 Qd7 15.
O-O-O Ng4 16. N2f3 Nxa4 17. h5 c5 18. hxg6 fxg6 19. e5 cxd4 20. Bxg6 Nxe5 21.
Bxe8 Rxe8 22. Nxe5 dxe5 23. Rd3 e4 24. Rg3 d3 25. Qb3 Qd4 26. Bh6 Re7 27. Rxg7+
Rxg7 28. Bxg7 Kxg7 29. Qxa4 d2+ 30. Kd1 Bxc4 31. Qc2 b5 32. Rh3 Qxf2 33. Qxd2
Qf1+ 34. Kc2 Bd3+ 35. Kc3 Qf6+ 36. Kb3 a4+ 37. Kb4 Qd4+ 38. Ka5 Qa7+ 39. Kb4
Qd4+ 40. Ka5 Qa7+ 1/2-1/2

[Event "5. HSK Oster-Open 2019"]
[Site "Hamburg"]
[Date "2019.04.21"]
[Round "5.32"]
[White "Fuhrmann, Frederik"]
[Black "Fuhrmann, Jeppe"]
[Result "1-0"]
[WhiteElo "1550"]
[BlackElo "1365"]
[PlyCount "89"]
[EventDate "2019.04.19"]

1. c4 e5 2. g3 Nf6 3. Bg2 d5 4. cxd5 Nxd5 5. Nc3 Nb6 6. Nf3 Nc6 7. O-O Be7 8.
a3 Be6 9. b4 Bf6 10. Bb2 Ne7 11. Ne4 Ng6 12. Nxf6+ Qxf6 13. Qc2 c6 14. Nxe5
Nxe5 15. f4 Qd8 16. Bxe5 f6 17. Bc3 Nd5 18. Bb2 Qd7 19. e4 Nb6 20. e5 f5 21. d3
Nd5 22. Qc5 Qe7 23. Kf2 Kf7 24. Qc2 Rhd8 25. Bf3 Nb6 26. h3 Rg8 27. Bc1 a6 28.
Be3 Nd5 29. Bc5 Qd7 30. Qd2 Rad8 31. Kg1 h6 32. g4 b6 33. Bd6 Nc7 34. gxf5 Bxf5
35. Bh5+ g6 36. Bg4 Nb5 37. Rae1 Ke8 38. Bxf5 Qxf5 39. Qa2 Rg7 40. Kg2 Nxd6 41.
exd6+ Kd7 42. Re3 Kxd6 43. Rfe1 Kd7 44. Qc4 b5 45. Qd4+ 1-0

[Event "5. HSK Oster-Open 2019"]
[Site "Hamburg"]
[Date "2019.04.21"]
[Round "5.34"]
[White "Stolzenwald, Frank"]
[Black "Hinrichs, Winfried"]
[Result "1/2-1/2"]
[WhiteElo "1292"]
[BlackElo "1514"]
[PlyCount "104"]
[EventDate "2019.04.19"]

1. b4 Nf6 2. Bb2 d6 3. d4 g6 4. d5 Bg7 5. c4 e5 6. dxe6 Bxe6 7. e4 O-O 8. f3
Nc6 9. b5 Ne5 10. Bxe5 dxe5 11. Qxd8 Rfxd8 12. Nd2 Ne8 13. O-O-O Bh6 14. Kc2
Nd6 15. c5 Ne8 16. Bc4 Bxc4 17. Nxc4 Rxd1 18. Kxd1 Rd8+ 19. Kc2 f6 20. Ne2 Bf8
21. c6 bxc6 22. bxc6 Bc5 23. Rb1 Bb6 24. a4 Nd6 25. Rd1 Nf7 26. a5 Bc5 27. Rd5
Rxd5 28. exd5 Kf8 29. Nc3 a6 30. Ne4 Be7 31. d6 Bd8 32. dxc7 Bxc7 33. Nxf6 h6
34. Nd7+ Ke7 35. Nc5 Nd6 36. Nxe5 Bxa5 37. Nxa6 Nf5 38. Nxg6+ Kd6 39. c7 Bxc7
40. Nxc7 Kxc7 41. g4 Nd4+ 42. Kd3 Nxf3 43. h4 Kd6 44. Ke4 Nh2 45. Kf5 Nf3 46.
Kf6 Nh2 47. Ne5 Kd5 48. g5 hxg5 49. hxg5 Nf1 50. g6 Ng3 51. Kg5 Kxe5 52. g7
Ne4+ 1/2-1/2

[Event "5. HSK Oster-Open 2019"]
[Site "Hamburg"]
[Date "2019.04.21"]
[Round "5.37"]
[White "Grotrian, Peter"]
[Black "Dusper, Zdravko"]
[Result "1-0"]
[WhiteElo "1511"]
[BlackElo "1524"]
[PlyCount "67"]
[EventDate "2019.04.19"]

1. d4 Nf6 2. Bg5 e6 3. e4 h6 4. Bxf6 gxf6 5. Nc3 Bb4 6. Qf3 Nc6 7. O-O-O d6 8.
Qg3 Bd7 9. d5 Ne5 10. Kb1 Qe7 11. f4 Ng6 12. dxe6 Bc6 13. exf7+ Qxf7 14. Bb5
O-O-O 15. Bxc6 bxc6 16. Nge2 Rhe8 17. Nd4 Kb7 18. Rhe1 Ne7 19. e5 dxe5 20. fxe5
Nd5 21. e6 Qh5 22. Nxd5 Qxd5 23. Qb3 Qxb3 24. Nxb3 Bxe1 25. Rxe1 Kb6 26. c3 c5
27. Kc2 Rd5 28. Nd2 Re5 29. Nc4+ Kc6 30. Nxe5+ fxe5 31. Rxe5 Kd6 32. Re4 Rxe6
33. Rxe6+ Kxe6 34. Kd3 1-0

[Event "5. HSK Oster-Open 2019"]
[Site "Hamburg"]
[Date "2019.04.21"]
[Round "6.1"]
[White "Trisic, Aleksandar"]
[Black "Pfreundt, Jakob"]
[Result "1/2-1/2"]
[WhiteElo "2307"]
[BlackElo "2381"]
[PlyCount "34"]
[EventDate "2019.04.19"]

1. d4 Nf6 2. Nf3 e6 3. c4 d5 4. cxd5 exd5 5. Nc3 c6 6. Bg5 Be7 7. e3 Bf5 8. Bd3
Bxd3 9. Qxd3 Nbd7 10. O-O O-O 11. Rab1 a5 12. a3 Re8 13. Bf4 Nh5 14. Be5 Nhf6
15. Bg3 Nh5 16. Be5 Nhf6 17. Bf4 Nh5 1/2-1/2

[Event "5. HSK Oster-Open 2019"]
[Site "Hamburg"]
[Date "2019.04.21"]
[Round "6.2"]
[White "Höffer, David"]
[Black "Tomov, Georgi"]
[Result "1/2-1/2"]
[WhiteElo "2314"]
[BlackElo "2319"]
[PlyCount "83"]
[EventDate "2019.04.19"]

1. Nc3 d5 2. e4 d4 3. Nce2 e5 4. Ng3 Be6 5. Nf3 f6 6. b3 Nh6 7. Bc4 Bxc4 8.
bxc4 d3 9. O-O Nc6 10. Ne1 dxc2 11. Nxc2 Qd3 12. Rb1 O-O-O 13. Rb3 Qxc4 14. d3
Qa6 15. Bxh6 gxh6 16. Qg4+ Rd7 17. Rfb1 Nd8 18. d4 exd4 19. Nxd4 Bc5 20. Ngf5
Kb8 21. Nb5 Qxa2 22. Qg3 Qc2 23. Nc3 Rd3 24. Qg7 Rf8 25. Ne3 Qd2 26. Rd1 Rxe3
27. fxe3 Qxe3+ 28. Kh1 Ne6 29. Qd7 Nd4 30. Qd5 Bb6 31. h3 Rc8 32. Rxb6 axb6 33.
Qxd4 Qxd4 34. Rxd4 c6 35. Rd6 b5 36. Kg1 Rf8 37. Rd7 f5 38. Kf2 b4 39. Na4
fxe4+ 40. Ke3 Rg8 41. g4 h5 42. Nc5 1/2-1/2

[Event "5. HSK Oster-Open 2019"]
[Site "Hamburg"]
[Date "2019.04.21"]
[Round "6.3"]
[White "Kotyk, Michael"]
[Black "Bracker, Arne"]
[Result "0-1"]
[WhiteElo "1960"]
[BlackElo "2199"]
[PlyCount "60"]
[EventDate "2019.04.19"]

1. e4 e5 2. Nc3 Nf6 3. g3 d5 4. exd5 Nxd5 5. Bg2 Nxc3 6. bxc3 Nc6 7. Rb1 Bc5 8.
Ne2 O-O 9. O-O Bb6 10. d3 Bg4 11. h3 Bh5 12. Ba3 Re8 13. g4 Bg6 14. Ng3 Qh4 15.
Kh2 Rad8 16. Ne4 Re6 17. f3 Bxe4 18. fxe4 Bf2 19. Qe2 Bg3+ 20. Kg1 b6 21. Bc1
Ne7 22. Rf5 Nxf5 23. exf5 Red6 24. Ba3 c5 25. c4 Bf4 26. Qf2 Qg5 27. Re1 h5 28.
Bf3 hxg4 29. Bxg4 g6 30. fxg6 f5 0-1

[Event "5. HSK Oster-Open 2019"]
[Site "Hamburg"]
[Date "2019.04.21"]
[Round "6.4"]
[White "Brinkmann, Fabian"]
[Black "Callsen, Niklas"]
[Result "1-0"]
[WhiteElo "2136"]
[BlackElo "2043"]
[PlyCount "63"]
[EventDate "2019.04.19"]

1. d4 Nf6 2. c4 g6 3. Nc3 Bg7 4. e4 d6 5. Nge2 O-O 6. Ng3 c6 7. h4 e5 8. d5
cxd5 9. cxd5 Na6 10. Be2 Bd7 11. h5 Rc8 12. Be3 Qa5 13. Qd2 Ng4 14. Bxg4 Bxg4
15. f3 Bd7 16. Bh6 Bxh6 17. Qxh6 Rxc3 18. bxc3 Qxc3+ 19. Kf2 f5 20. Ne2 Qc5+
21. Kf1 Bb5 22. hxg6 Bxe2+ 23. Kxe2 Qc4+ 24. Kf2 Qc5+ 25. Kg3 f4+ 26. Kh3 Qc7
27. Kg4 Qd7+ 28. Kh5 Rf6 29. gxh7+ Qxh7 30. Qxh7+ Kxh7 31. Kg5+ Kg7 32. Rh7+
1-0

[Event "5. HSK Oster-Open 2019"]
[Site "Hamburg"]
[Date "2019.04.21"]
[Round "6.5"]
[White "Kahlert, Thomas"]
[Black "Genov, Petar"]
[Result "0-1"]
[WhiteElo "2174"]
[BlackElo "2431"]
[PlyCount "78"]
[EventDate "2019.04.19"]

1. c4 e5 2. Nc3 d6 3. Nf3 f5 4. d4 e4 5. Ng5 Be7 6. Nh3 Nf6 7. g3 O-O 8. Bg2 c5
9. d5 Ng4 10. O-O Bf6 11. Kh1 Ne5 12. Qb3 Na6 13. f3 exf3 14. exf3 Nc7 15. Nf2
Rb8 16. f4 Nf7 17. a4 Bd7 18. Bd2 b6 19. Nb5 {(=)} a6 20. Na7 b5 21. cxb5 axb5
22. Nc6 Bxc6 23. dxc6 c4 24. Qc2 bxa4 25. Bc3 Bxc3 26. bxc3 Qf6 27. Rxa4 d5 28.
Ra5 g6 29. Nd1 Qxc6 30. Re1 Nd6 31. Qd2 Ne4 32. Bxe4 dxe4 33. Ne3 Rfd8 34. Qa2
Rb3 35. Ra4 Rxc3 36. Rxc4 Rxc4 37. Nxc4 Qd5 38. Re2 Ra8 39. Qc2 e3+ 0-1

[Event "5. HSK Oster-Open 2019"]
[Site "Hamburg"]
[Date "2019.04.21"]
[Round "6.6"]
[White "Meissner, Felix"]
[Black "Grötzbach, Daniel"]
[Result "1-0"]
[WhiteElo "2410"]
[BlackElo "2067"]
[PlyCount "59"]
[EventDate "2019.04.19"]

1. e4 c5 2. Nf3 d6 3. Bb5+ Bd7 4. Bxd7+ Nxd7 5. O-O g6 6. c3 Ngf6 7. Re1 Bg7 8.
d4 cxd4 9. cxd4 e6 10. Nc3 Nb6 11. a4 a6 12. a5 Nc8 13. Qb3 Rb8 14. e5 dxe5 15.
dxe5 Nd7 16. Qc4 Na7 17. Bg5 Qc8 18. Qf4 O-O 19. Be7 Re8 20. Bd6 Ra8 21. Ng5 f6
22. exf6 Nxf6 23. Nce4 Nxe4 24. Qf7+ Kh8 25. Be5 Rg8 26. Rxe4 Qe8 27. Bf6 h6
28. Rh4 h5 29. Qxb7 Qb8 30. Rxh5+ 1-0

[Event "5. HSK Oster-Open 2019"]
[Site "Hamburg"]
[Date "2019.04.21"]
[Round "6.7"]
[White "Genov, Valentin"]
[Black "Lammers, Markus"]
[Result "0-1"]
[WhiteElo "1727"]
[BlackElo "2318"]
[PlyCount "28"]
[EventDate "2019.04.19"]

1. c4 Nf6 2. g3 c5 3. Bg2 d5 4. cxd5 Nxd5 5. Nc3 Nc7 6. Nf3 Nc6 7. O-O e5 8. b3
Be7 9. Bb2 O-O 10. a3 f6 11. Qc2 b6 12. e3 Ba6 13. Rfd1 Bd3 14. Qc1 Na5 0-1

[Event "5. HSK Oster-Open 2019"]
[Site "Hamburg"]
[Date "2019.04.21"]
[Round "6.9"]
[White "Noack, Reiner"]
[Black "Solar, Peter"]
[Result "1-0"]
[WhiteElo "2082"]
[BlackElo "1806"]
[PlyCount "85"]
[EventDate "2019.04.19"]

1. d4 Nf6 2. c4 e5 3. dxe5 Ng4 4. Nh3 Bb4+ 5. Bd2 Qe7 6. e3 Nxe5 7. Nf4 Na6 8.
Nc3 O-O 9. a3 Bxc3 10. Bxc3 d6 11. Be2 Bf5 12. h4 c6 13. g4 Be4 14. Rh3 d5 15.
f3 Bxf3 16. Bxf3 Nxc4 17. Qd4 Qxe3+ 18. Qxe3 Nxe3 19. Kf2 Nc4 20. g5 Rfd8 21.
Rd1 Nc5 22. Nh5 Ne6 23. Bg4 Nd6 {(=)} 24. Bxe6 fxe6 25. Bxg7 c5 26. Be5 Nc4 27.
Bf6 Rd6 28. Be7 Rc6 29. b4 cxb4 30. Bxb4 a5 31. Bc3 Nd6 32. Nf6+ Kf7 33. Rf3
Nf5 34. h5 Rac8 35. Be5 Rc2+ 36. Kg1 Re2 37. Bc3 Ke7 38. Rb1 Nd6 39. Nxh7 d4
40. Bxd4 Rcc2 41. Rf2 Rxf2 42. Bxf2 b5 43. g6 1-0

[Event "5. HSK Oster-Open 2019"]
[Site "Hamburg"]
[Date "2019.04.21"]
[Round "6.10"]
[White "Chilton, Alexis"]
[Black "Renger, Maik"]
[Result "1/2-1/2"]
[WhiteElo "1809"]
[BlackElo "2029"]
[PlyCount "53"]
[EventDate "2019.04.19"]

1. e4 c5 2. Nf3 d6 3. d4 cxd4 4. Nxd4 Nf6 5. Nc3 g6 6. Be3 Bg7 7. f3 O-O 8. Qd2
Nc6 9. O-O-O Nxd4 10. Bxd4 Be6 11. g4 Rc8 12. h4 Qa5 13. a3 Bc4 14. h5 b5 15.
hxg6 fxg6 16. g5 Nh5 17. Bxg7 Nxg7 18. Bxc4+ bxc4 19. Qd5+ Qxd5 20. Nxd5 Rf7
21. f4 Ne6 22. f5 Nc5 23. fxg6 hxg6 24. Rh6 Rg7 25. Rxg6 Re8 26. Rxg7+ Kxg7 27.
Rd4 1/2-1/2

[Event "5. HSK Oster-Open 2019"]
[Site "Hamburg"]
[Date "2019.04.21"]
[Round "6.11"]
[White "Aumüller, Ingo"]
[Black "Andris, Valentin"]
[Result "1-0"]
[WhiteElo "1983"]
[BlackElo "1796"]
[PlyCount "56"]
[EventDate "2019.04.19"]

1. e4 c6 2. d4 d5 3. e5 Bf5 4. Nf3 e6 5. Be2 Ne7 6. O-O Ng6 7. Nbd2 Be7 8. Nb3
b5 9. a4 b4 10. Ne1 Nf8 11. Nd3 Nbd7 12. Bd2 a5 13. f4 Nb6 14. Ndc5 Nfd7 15. g4
Be4 16. Nxe4 dxe4 17. c4 bxc3 18. bxc3 Nd5 19. c4 Nb4 20. Qb1 f5 21. exf6 Bxf6
22. Qxe4 Kf7 23. g5 Nc5 24. dxc5 Bxa1 25. Rxa1 Ra7 26. Bc3 Rd7 27. Nd4 Re8 28.
Qxh7 Rg8 1-0

[Event "5. HSK Oster-Open 2019"]
[Site "Hamburg"]
[Date "2019.04.21"]
[Round "6.12"]
[White "Giacometto, Mario"]
[Black "Lasschuit, Rene"]
[Result "1-0"]
[WhiteElo "1965"]
[BlackElo "1775"]
[PlyCount "89"]
[EventDate "2019.04.19"]

1. e4 c5 2. Nf3 Nc6 3. d4 cxd4 4. Nxd4 g6 5. Nc3 Bg7 6. Be3 Nf6 7. Bc4 O-O 8.
Bb3 a5 9. a4 Ng4 10. Qxg4 Nxd4 11. Qd1 Nxb3 12. cxb3 d6 13. O-O Be6 14. Ra3 Rc8
15. Qd2 Qc7 16. Bd4 Bxd4 17. Qxd4 Qc5 18. Qd3 Rc6 19. Rd1 Rfc8 20. h3 Rb6 21.
Nb5 Qc2 22. Qd4 Rbc6 23. Rd2 Qb1+ 24. Kh2 Rc2 25. Rxc2 Rxc2 26. e5 Qxb2 27.
exd6 exd6 28. Qxb2 Rxb2 29. Nxd6 b6 30. Nc4 Bxc4 31. bxc4 Rxf2 32. Kg3 Rb2 33.
Kf4 Rxg2 34. Ke5 Rb2 35. Rd3 Kg7 36. Kd5 Rb4 37. Ra3 Rb2 38. Kc6 Rb4 39. Rc3
Rxa4 40. Kxb6 Rb4+ 41. Kxa5 Rb8 42. c5 Kf8 43. c6 Ke7 44. c7 Rc8 45. Kb6 1-0

[Event "5. HSK Oster-Open 2019"]
[Site "Hamburg"]
[Date "2019.04.21"]
[Round "6.13"]
[White "Pothast, Laurenz"]
[Black "Schulze, Mario"]
[Result "1/2-1/2"]
[WhiteElo "1774"]
[BlackElo "1932"]
[PlyCount "54"]
[EventDate "2019.04.19"]

1. e4 c5 2. Nf3 d6 3. d4 cxd4 4. Nxd4 Nf6 5. Nc3 g6 6. Bc4 Bg7 7. Be3 O-O 8. f3
Nc6 9. Bb3 Bd7 10. Qd2 Rc8 11. O-O-O Nxd4 12. Bxd4 b5 13. Nd5 Nxd5 14. Bxd5
Bxd4 15. Qxd4 a5 16. a3 Qc7 17. c3 e5 18. Qd2 b4 19. axb4 axb4 20. c4 Qa5 21.
Qc2 Rc7 22. Kd2 Qc5 23. Ke2 Kg7 24. Qd3 f5 25. exf5 Bxf5 26. Qe3 Bc2 27. Ra1
Qxe3+ 1/2-1/2

[Event "5. HSK Oster-Open 2019"]
[Site "Hamburg"]
[Date "2019.04.21"]
[Round "6.14"]
[White "Eberhardt, Michael"]
[Black "Christensen, Andreas"]
[Result "0-1"]
[WhiteElo "1770"]
[BlackElo "1841"]
[PlyCount "162"]
[EventDate "2019.04.19"]

1. d4 Nf6 2. Bf4 c5 3. e3 Qb6 4. Nc3 cxd4 5. exd4 g6 6. Nf3 Bg7 7. Rb1 O-O 8.
Be2 d6 9. O-O h6 10. Qd2 Kh7 11. h3 a6 12. Be3 Qd8 13. a3 b5 14. Bd3 Bb7 15.
Rfe1 Nbd7 16. Nh2 Rc8 17. Be2 Nb6 18. Bf3 Bxf3 19. Nxf3 Nc4 20. Qd3 Qc7 21. Bf4
Nxb2 22. Rxb2 Qxc3 23. Qxc3 Rxc3 24. Bd2 Rc7 25. Ba5 Rd7 26. a4 bxa4 27. Ra2
Rc8 28. c3 Nd5 29. Rxa4 Nxc3 30. Bxc3 Rxc3 31. Rxa6 d5 32. Raa1 Rdc7 33. Rad1
e6 34. Re3 Rc1 35. Ree1 R1c2 36. Kf1 Bf6 37. Re2 Rc1 38. Ree1 R1c4 39. Rd3 Kg7
40. Red1 Ra4 41. Ke2 Be7 42. g4 Bd6 43. Ke3 g5 44. Ng1 Bf4+ 45. Kf3 Rc2 46. Ne2
Raa2 47. Re1 Bd2 48. Rf1 Ba5 49. Nc1 Ra1 50. Rdd1 Bc7 51. Nd3 Ra3 52. Kg2 Bd6
53. Rc1 Rd2 54. Nc5 Rg3+ 55. Kh2 Rc3+ 56. Kg2 Rxc1 57. Rxc1 Rxd4 58. Kf1 Rc4
59. Rxc4 dxc4 60. Ne4 Be7 61. f3 f5 62. Nf2 Bc5 63. Nd1 Kf6 64. Ke2 Ke5 65. Nc3
Bb4 66. Nb5 Ba5 67. Na3 Kd5 68. Nc2 fxg4 69. hxg4 c3 70. Kd3 Ke5 71. Ke3 Kf6
72. Ke4 Bc7 73. Ne3 Bf4 74. Nc2 Kg6 75. Nd4 e5 76. Nc2 h5 77. gxh5+ Kxh5 78.
Ne1 Kh4 79. Nc2 Kg3 80. Kd3 Kxf3 81. Kxc3 Ke2 0-1

[Event "5. HSK Oster-Open 2019"]
[Site "Hamburg"]
[Date "2019.04.21"]
[Round "6.15"]
[White "Schwarzkopf, Jörg"]
[Black "Rennspieß, Jens"]
[Result "1-0"]
[WhiteElo "1857"]
[BlackElo "1703"]
[PlyCount "111"]
[EventDate "2019.04.19"]

1. e4 c5 2. c3 d5 3. exd5 Qxd5 4. d4 Nc6 5. Nf3 Nf6 6. Be3 cxd4 7. cxd4 e6 8.
Nc3 Bb4 9. Be2 O-O 10. O-O Bxc3 11. bxc3 b6 12. c4 Qa5 13. Qb3 Qb4 14. Rfd1
Qxb3 15. axb3 Bb7 16. Rab1 Ne4 17. Rdc1 Nb4 18. h3 Na2 19. Rc2 Nb4 20. Rcc1 Na2
21. Re1 Nac3 22. Rbc1 Na2 23. Ra1 Nb4 24. Ra4 a5 25. Rc1 Bc6 26. Raa1 f6 27. d5
exd5 28. Bxb6 a4 29. bxa4 Rxa4 30. Nd4 Rxa1 31. Rxa1 Nc3 32. Bf3 Rb8 33. Nxc6
Nxc6 34. cxd5 Ne5 35. Bc7 Nxf3+ 36. gxf3 Rb5 37. d6 Rd5 38. Kf1 Kf7 39. Re1 Nb5
40. Re7+ Kf8 41. Rd7 h5 42. Rd8+ Kf7 43. Rd7+ Kf8 44. Bb8 g5 45. Rb7 Ke8 46.
Re7+ Kd8 47. Rf7 f5 48. Rg7 f4 49. Rh7 g4 50. hxg4 hxg4 51. fxg4 f3 52. Kg1
Nxd6 53. Bxd6 Rxd6 54. Kh2 Ke8 55. Kg3 Rf6 56. Ra7 1-0

[Event "5. HSK Oster-Open 2019"]
[Site "Hamburg"]
[Date "2019.04.21"]
[Round "6.16"]
[White "Warns, Heiko"]
[Black "Kipke, Kevin"]
[Result "1-0"]
[WhiteElo "2092"]
[BlackElo "1684"]
[PlyCount "67"]
[EventDate "2019.04.19"]

1. e4 c5 2. g3 Nc6 3. Bg2 g6 4. Ne2 Bg7 5. O-O e6 6. c3 d5 7. exd5 exd5 8. d4
cxd4 9. Nxd4 Nge7 10. Bg5 O-O 11. Re1 Re8 12. Nxc6 bxc6 13. Nd2 Rb8 14. Nb3 h6
15. Bf4 Rb6 16. Qd2 Kh7 17. Be3 Rb7 18. Nc5 Rb8 19. Nd3 a5 20. Bd4 Bxd4 21.
cxd4 Qb6 22. Nc5 Be6 23. Qf4 Nf5 24. g4 Ng7 25. b3 Qa7 26. Re3 Rb4 27. a3 Rbb8
28. Rh3 h5 29. Re1 Kg8 30. f3 Bd7 31. Rxe8+ Rxe8 32. Qd6 hxg4 33. Rg3 gxf3 34.
Qxd7 1-0

[Event "5. HSK Oster-Open 2019"]
[Site "Hamburg"]
[Date "2019.04.21"]
[Round "6.17"]
[White "Schulz, Hans-Juergen"]
[Black "Franke, Lutz"]
[Result "0-1"]
[WhiteElo "1815"]
[BlackElo "2156"]
[PlyCount "60"]
[EventDate "2019.04.19"]

1. e4 e6 2. Nf3 d5 3. e5 c5 4. b4 d4 5. bxc5 Bxc5 6. Ba3 Qa5 7. Bxc5 Qxc5 8. c3
Nc6 9. cxd4 Nxd4 10. Nc3 Nxf3+ 11. Qxf3 Qxe5+ 12. Be2 Nf6 13. O-O O-O 14. Rab1
Rd8 15. Rb5 Qd4 16. a3 Rb8 17. Rb4 Qd7 18. Rf4 Qe7 19. d4 b6 20. Bd3 Bb7 21.
Qh3 h6 22. Re1 Rbc8 23. Nb1 Rd5 24. g4 Qd8 25. Qe3 Rg5 26. f3 Nh5 27. Rxf7 Kxf7
28. Qxe6+ Kf8 29. Bc4 Qxd4+ 30. Re3 Qxc4 0-1

[Event "5. HSK Oster-Open 2019"]
[Site "Hamburg"]
[Date "2019.04.21"]
[Round "6.18"]
[White "Ziefle, Stefan"]
[Black "Apitzsch, Leon Fabian"]
[Result "0-1"]
[WhiteElo "1722"]
[BlackElo "1971"]
[PlyCount "54"]
[EventDate "2019.04.19"]

1. Nf3 Nf6 2. g3 d5 3. Bg2 c5 4. O-O Nc6 5. d3 e5 6. Nc3 d4 7. Ne4 Nxe4 8. dxe4
Be7 9. e3 Be6 10. exd4 cxd4 11. Qd3 Rc8 12. Bd2 O-O 13. c4 dxc3 14. Qxd8 Rfxd8
15. Bxc3 f6 16. Rfc1 Nb4 17. a3 Na2 18. Rcb1 Nxc3 19. bxc3 b6 20. a4 Rxc3 21.
a5 Bc5 22. Rc1 Rdd3 23. axb6 Bxb6 24. Ne1 Rxc1 25. Rxc1 Rd2 26. Rc2 Bxf2+ 27.
Kf1 Bxe1 0-1

[Event "5. HSK Oster-Open 2019"]
[Site "Hamburg"]
[Date "2019.04.21"]
[Round "6.19"]
[White "Streich, Justus"]
[Black "Rudolph, Jens-Erik"]
[Result "1-0"]
[WhiteElo "1963"]
[BlackElo "1812"]
[PlyCount "65"]
[EventDate "2019.04.19"]

1. e4 g6 2. d4 Bg7 3. Nc3 c6 4. Bc4 e6 5. e5 d5 6. exd6 Qxd6 7. Nf3 Ne7 8. O-O
O-O 9. Ne2 b5 10. Bb3 Nd5 11. Bg5 Bb7 12. c3 Nd7 13. a4 a6 14. Qc2 c5 15. dxc5
Nxc5 16. Rfd1 Nxb3 17. Qxb3 Qb6 18. axb5 axb5 19. Ned4 b4 20. Rxa8 Rxa8 21. c4
e5 22. cxd5 exd4 23. Be7 Qb5 24. d6 d3 25. Rxd3 Ra1+ 26. Rd1 Bd5 27. Qc2 Qc6
28. Rxa1 Qxc2 29. d7 h6 30. d8=Q+ Kh7 31. Qxd5 Qxb2 32. Rf1 b3 33. Qxf7 1-0

[Event "5. HSK Oster-Open 2019"]
[Site "Hamburg"]
[Date "2019.04.21"]
[Round "6.20"]
[White "Krause, Max"]
[Black "Lu, Siyuan"]
[Result "1-0"]
[WhiteElo "1934"]
[BlackElo "1667"]
[PlyCount "67"]
[EventDate "2019.04.19"]

1. Nf3 Nf6 2. d4 d5 3. c4 e6 4. Nc3 c6 5. e3 Be7 6. Qc2 Nbd7 7. g4 dxc4 8. Bxc4
h6 9. Rg1 b5 10. Bd3 Bb7 11. e4 a6 12. g5 hxg5 13. Rxg5 g6 14. Be3 Qc7 15. a4
Rc8 16. Rc1 Qd8 17. Qb3 Nb6 18. Rg2 c5 19. Nxb5 axb5 20. Bxb5+ Kf8 21. dxc5
Bxe4 22. cxb6 Bxf3 23. Rxc8 Qxc8 24. Rg3 Qa8 25. Rxf3 Rxh2 26. Ke2 Nd5 27. Qc4
Nxe3 28. Rxe3 Qb8 29. Qc7 Bd6 30. Qxb8+ Bxb8 31. a5 Rh5 32. Rb3 Re5+ 33. Kf1
Rc5 34. a6 1-0

[Event "5. HSK Oster-Open 2019"]
[Site "Hamburg"]
[Date "2019.04.21"]
[Round "6.22"]
[White "Grabbel, Torben Frederik"]
[Black "Kipke, Mark"]
[Result "1-0"]
[WhiteElo "1573"]
[BlackElo "1623"]
[PlyCount "53"]
[EventDate "2019.04.19"]

1. d4 d5 2. Nf3 Nf6 3. c4 c6 4. Nc3 Bf5 5. Bg5 Nbd7 6. e3 e6 7. a3 h6 8. Bh4
Be7 9. Bd3 Ne4 10. Bxe7 Qxe7 11. O-O Ndf6 12. Ne5 Nd7 13. Nxd7 Qxd7 14. Nxe4
dxe4 15. Bc2 Bg6 16. Qg4 O-O 17. Bxe4 Bxe4 18. Qxe4 b5 19. cxb5 cxb5 20. Rfc1
Rac8 21. b4 Qe7 22. Rc5 Rxc5 23. dxc5 Rd8 24. Qc2 Qc7 25. Rc1 Rc8 26. Qd3 a5
27. Qxb5 1-0